Tous les Objets de la Poche Soins dans Pokémon - Statistiques

Statistiques générales
  • Ce quiz a été pris 52 fois
  • Le résultat moyen est 28 sur 197
Statistiques - réponses
Objets de la poche Soins % Correct
Potion
100%
Hyper Potion
98%
Super Potion
98%
Rappel
93%
Rappel Max
89%
Potion Max
87%
Guérison
82%
Anti-Brûle
76%
Antidote
76%
Antigel
76%
Anti-Para
73%
PP Plus
67%
Huile
62%
Total Soin
62%
Zinc
62%
Elixir
60%
Huile Max
60%
Réveil
60%
Eau Fraîche
58%
Calcium
56%
Herbe Rappel
56%
Limonade
56%
PV Plus
53%
Fer
51%
Elixir Max
49%
Lava Cookie
49%
Soda Cool
49%
Carbone
47%
Protéine
47%
Super Bonbon
44%
Lait Meumeu
42%
Racinénergie
42%
Glace Volute
38%
PP Max
38%
Poudre Soin
31%
Vieux Gâteau
31%
Bonbon Rage
29%
Cendre Sacrée
27%
Poudrénergie
24%
Galette Illumis
20%
Jus de Baie
20%
Malasada Maxi
16%
Bonbon Exp. L
11%
Bonbon Exp.M
11%
Bonbon Exp.S
11%
Bonbon Exp. XL
11%
Bonbon Exp.XS
11%
Chococoeur
11%
Plume Santé
11%
Aromate Mauvais
9%
Crok'Argenta
9%
Plume Esprit
9%
Plume Mental
9%
Plume Sprint
9%
Sablé Yantreizh
9%
Aromate Calme
7%
Aromate Foufou
7%
Aromate Gentil
7%
Aromate Jovial
7%
Aromate Malpoli
7%
Aromate Modeste
7%
Aromate Pressé
7%
Aromate Prudent
7%
Aromate Timide
7%
Plume Armure
7%
Plume Force
7%
Aromate Malin
4%
Aromate Rigide
4%
Aromate Sérieux
4%
Pilule Talent
4%
Aromate Assuré
2%
Aromate Brave
2%
Aromate Discret
2%
Aromate Doux
2%
Aromate Lâche
2%
Aromate Naif
2%
Aromate Relax
2%
Aromate Solo
2%
Bonbon Abo
2%
Bonbon Abra
2%
Bonbon Amonita
2%
Bonbon Artikodin
2%
Bonbon Aspicot
2%
Bonbon Bulbizarre
2%
Bonbon Canarticho
2%
Bonbon Caninos
2%
Bonbon Carapuce
2%
Bonbon Chenipan
2%
Bonbon Chetiflor
2%
Bonbon Doduo
2%
Bonbon Dynamax
2%
Bonbon Electhor
2%
Bonbon Elektek
2%
Bonbon Evoli
2%
Bonbon Excelangue
2%
Bonbon Fantominus
2%
Bonbon Férosinge
2%
Bonbon Goupix
2%
Bonbon Hypotrempe
2%
Bonbon Insécateur
2%
Bonbon Kabuto
2%
Bonbon Kangourex
2%
Bonbon Kicklee
2%
Bonbon Kokiyas
2%
Bonbon Krabby
2%
Bonbon Leveinard
2%
Bonbon Lipppoutou
2%
Bonbon Machoc
2%
Bonbon Magicarpe
2%
Bonbon Magmar
2%
Bonbon Magnéti
2%
Bonbon Mélofée
2%
Bonbon Meltan
2%
Bonbon Métamorph
2%
Bonbon Mew
2%
Bonbon Mewtwo
2%
Bonbon Miaouss
2%
Bonbon Mimitoss
2%
Bonbon Minidraco
2%
Bonbon M.Mime
2%
Bonbon Mystherbe
2%
Bonbon Nidoran F
2%
Bonbon Nidoran M
2%
Bonbon Noeunoeuf
2%
Bonbon Nosferapti
2%
Bonbon Onix
2%
Bonbon Osselait
2%
Bonbon Otaria
2%
Bonbon Paras
2%
Bonbon Piafabec
2%
Bonbon Pikachu
2%
Bonbon Poissirène
2%
Bonbon Ponyta
2%
Bonbon Porygon
2%
Bonbon Psykokwak
2%
Bonbon Ptéra
2%
Bonbon Ptitard
2%
Bonbon Racaillou
2%
Bonbon Ramoloss
2%
Bonbon Rattata
2%
Bonbon Rhinocorne
2%
Bonbon Rondoudou
2%
Bonbon Ronflex
2%
Bonbon Roucool
2%
Bonbon Sabelette
2%
Bonbon Salamèche
2%
Bonbon Saquedeneu
2%
Bonbon Scarabrute
2%
Bonbon Smogo
2%
Bonbon Soporifik
2%
Bonbon Stari
2%
Bonbon Sulfura
2%
Bonbon Tadmorv
2%
Bonbon Taupiqueur
2%
Bonbon Tauros
2%
Bonbon Tygnon
2%
Bonbon Voltorbe
2%
Hyper Remède
2%
Mochi Esprit
2%
Mochi Force
2%
Mochi Mental
2%
Mochi Renouveau
2%
Mochi Santé
2%
Mochi Sprint
2%
Patch Talent
2%
Remède
2%
Remède Secret
2%
Super Remède
2%
Bonbon Armure L
0%
Bonbon Armure M
0%
Bonbon Armure S
0%
Bonbon Esprit L
0%
Bonbon Esprit M
0%
Bonbon Esprit S
0%
Bonbon Force L
0%
Bonbon Force M
0%
Bonbon Force S
0%
Bonbon Lokhlass
0%
Bonbon Mental L
0%
Bonbon Mental M
0%
Bonbon Mental S
0%
Bonbon Santé L
0%
Bonbon Santé M
0%
Bonbon Santé S
0%
Bonbon Sprint L
0%
Bonbon Sprint M
0%
Bonbon Sprint S
0%
Bonbon Tentacool
0%
Cailloux Effort
0%
Maxi Miel
0%
Maxi Soin PP
0%
Mochi Armure
0%
Pierre Effort
0%
Rocher Effort
0%
Rusti-Muffin
0%
Sable Effort
0%
Soin PP
0%
Aucun quiz correspondant
Distribution des résultats
% des personnes avec chaque résultat
Percentile par nombre de réponses
Votre historique - résultats
Vous n’avez pas pris ce quiz